Представление документа в формате MARC21

Поле Инд. ПП Название Значение
Тип записи a
Библиографический уровень b
001 Контрольный номер DU/596814943
005 Дата корректировки 20200630193217.5
008 Кодируемые данные 20181129
040 b Код языка каталог. rus
e Правила каталог. PSBO
041 0_ a Код языка текста rus
084 a Индекс другой классификации/Индекс ББК 88.573.4; 60.561.4
100 1_ a Автор Кулакова С. В.
q Полное имя Кулакова Светлана Владимировна
100 1_ a Автор Новиков А. В.
q Полное имя Новиков Алексей Валерьевич
100 1_ a Автор Суслов Ю. Е.
q Полное имя Суслов Юрий Евгеньевич
245 10 a Заглавие Об организации и результатах психологической деятельности в уголовно-исполнительной системе
504 a Библиография Библиогр.: с. 52 - 53
520 0_ a Аннотация В статье рассматриваются вопросы становления и развития отечественной пенитенциарной психологии как отрасли юридической психологии, этапы и предпосылки развития психологической службы уголовно-исполнительной системы. Представлен анализ отчетных материалов об основных результатах деятельности психологических служб территориальных органов уголовно-исполнительной системы; данных рейтинговой оценки социальной, психологической и воспитательной работы с осужденными, подозреваемыми, обвиняемыми, а также сотрудниками и работниками учреждений и органов ФСИН России; справок о деятельности психологических служб ФСИН России по территориальным и федеральным округам за 2017 год. Определяются проблемные направления деятельности и перспективы развития пенитенциарной психологии. Авторы рассматривают пути развития психологической службы в историческом аспекте в контексте разработки новых технологий, связанных с повышением продуктивности деятельности психологов ФСИН России
650 14 a Основная рубрика психология
a Основная рубрика социальная психология
a Основная рубрика социология
a Основная рубрика социология права
a Основная рубрика юридическая психология
653 1_ a Ключевые слова осужденные
a Ключевые слова пенитенциарная психология
a Ключевые слова психологи
a Ключевые слова психологическая деятельность
a Ключевые слова социальная реабилитация
a Ключевые слова уголовно-исполнительная система
773 08 t Заглавие источника Психология. Историко-критические обзоры и современные исследования
d Дата издания источника 2018
g Прочая информация Т. 7, № 3А. - С. 46 - 55
w Контрольный № источника DU/593710436
901 t Тип документа b